000 00967nam1a22002531 4500
001 rc\3045141
005 20250807190220.0
035 _a(NLR Aleph) 007184953
090 _a88749
_c88749
100 _a20041025d1941 u y0rusy50 ca
101 0 _arus
102 _aRU
105 _ay z ||||y
200 1 _aОчерки по истории Казахской ССР
_eТ. 1-
_fАкад. наук СССР, Ин-т истории и Казахстан. филиал
210 _a[Москва]
_cГосполитиздат
_d1941
_eЛенинград
215 _d20 см
700 1 _aВяткин
_bМ.П.
_f1895-1967
_gМихаил Порфипьевич
801 0 _aRU
_bNLR
_gpsbo
801 1 _aRU
_bELAR
_2rusmarc
852 _aNLR
_jИр80 Г-3/9(1)
942 _cBOOK
945 _aРоссийская национальная библиотека
_aНациональная библиотека Республики Казахстан
980 _aBV
980 _aNB